00357nam a2200121 a 4500008004100000020001500041050001600056100001900072245006600091260004300157350000900200650002600209120416s1988 ||||||||||||||||| || u a0521265959 aPN 2035 Cam aBanham, Martin14aThe Cambridge guide to world theatrecedited by Martin Banham aCambridge:bThe University Pressc1988 a0.00 aTHEATER--DICTIONARIES